| 000 -LEADER |
| fixed length control field |
01353nam a22001577a 4500 |
| 008 - FIXED-LENGTH DATA ELEMENTS--GENERAL INFORMATION |
| fixed length control field |
250521b ||||| |||| 00| 0 eng d |
| 100 ## - MAIN ENTRY--PERSONAL NAME |
| Personal name |
Walker, Lydia |
| 245 ## - TITLE STATEMENT |
| Title |
From War to Intervention: The Korean war and the Neutral Nations Repatriation Commission |
| 260 ## - PUBLICATION, DISTRIBUTION, ETC. (IMPRINT) |
| Place of publication, distribution, etc |
U.S.I. Journal |
| 300 ## - PHYSICAL DESCRIPTION |
| Extent |
155(639), Jan-Mar, 2025: p.153-162 |
| 520 ## - SUMMARY, ETC. |
| Summary, etc |
In the Korean War's contested aftermath, a Neutral Nations Repatriation Commission (1953-54) handled the thorny issue of Prisoners of War who did not want to return to their own countries. General KS Thimayya, former Indian Chief of Army Staff, oversaw this prisoner exchange and resettlement program. His account of these events pinpointed how warfare had fundamentally changed since the World War II. In Korea, it was in neither side's best, long-term, and ideological interest to outright defeat ,disarm, and occupy the other. Far from the unique, one-off experience it is so often portrayed, the Repatriation Commission showcased how the Korean War and its uneasy truce were a new type of international intervention, one where combatants sought victory without conquest. |
| 650 ## - SUBJECT ADDED ENTRY--TOPICAL TERM |
| Topical term or geographic name as entry element |
Neutral Nations Repatriation Commission (1953-54), Korean War, International invention, United Nations (UN), World War II. |
| 9 (RLIN) |
53576 |
| 906 ## - LOCAL DATA ELEMENT F, LDF (RLIN) |
| Subject DIP |
UNITED NATIONS |
| 942 ## - ADDED ENTRY ELEMENTS (KOHA) |
| Item type |
Articles |